Logo CIB grande

Applied hydrology (Registro nro. 236828)

Detalles MARC
000 -LEADER
campo de control de longitud fija 00546nam a2200205Ia 4500
005 - FECHA Y HORA DE LA ÚLTIMA TRANSACCIÓN
campo de control 20250425162815.0
008 - DATOS DE LONGITUD FIJA--INFORMACIÓN GENERAL
campo de control de longitud fija 250425s9999 xx 000 0 und d
020 ## - NÚMERO INTERNACIONAL ESTÁNDAR DEL LIBRO
Número Internacional Estándar del Libro 9780070702424
041 ## - CÓDIGO DE IDIOMA
Código de lengua del texto/banda sonora o título independiente eng
082 ## - NÚMERO DE LA CLASIFICACIÓN DECIMAL DEWEY
Número de clasificación 551.48
Iniciales del Autor CHO
010 ## - NÚMERO DE CONTROL DE LA BIBLIOTECA DEL CONGRESO
Número de control de LC 109384
100 ## - ENTRADA PRINCIPAL--NOMBRE DE PERSONA
Nombre de persona Chow, Ven Te
245 #0 - MENCIÓN DEL TÍTULO
Título Applied hydrology
Mención de responsabilidad, etc. Ven Te Chow; David R. Maidment; Larry W. Mays
260 ## - PUBLICACIÓN, DISTRIBUCIÓN, ETC.
Lugar de publicación, distribución, etc. Chennai
Nombre del editor, distribuidor, etc. McGraw-Hill
Fecha de publicación, distribución, etc. 1988
300 ## - DESCRIPCIÓN FÍSICA
Extensión 572 páginas
Dimensiones 22.5 cm.
650 ## - PUNTO DE ACCESO ADICIONAL DE MATERIA--TÉRMINO DE MATERIA
Término de materia o nombre geográfico como elemento de entrada Hidrología
700 ## - ENTRADA AGREGADA--NOMBRE PERSONAL
Nombre de persona Maidement, David R.
700 ## - ENTRADA AGREGADA--NOMBRE PERSONAL
Nombre de persona Mays, Larry W.
942 ## - ELEMENTOS DE ENTRADA SECUNDARIOS (KOHA)
Tipo de ítem Koha Libros
Existencias
Estatus retirado Estado de pérdida Estado de daño No para préstamo Biblioteca de origen Biblioteca actual Fecha de adquisición Coste, precio normal de compra Etiqueta RFID Total de préstamos Código de barras Copia número Tipo de ítem Koha Nota pública
        CENTRO DE INFORMACIÓN BIBLIOTECARIA CENTRO DE INFORMACIÓN BIBLIOTECARIA 10/09/2020 56.00 0000000000000000035386   80318 1 Libros COMPRA TECNILIBRO
        CENTRO DE INFORMACIÓN BIBLIOTECARIA CENTRO DE INFORMACIÓN BIBLIOTECARIA 10/09/2020 56.00 0000000000000000035398   80507 2 Libros COMPRA TECNILIBRO

Copyright 2025 ESPOL. Todos los derechos reservados.